Score 0/185 Timer 15:00
2 Plays Today
Mentions Character % Correct
3,294Harry Potter
99.4%
1,066Ron Weasley
98.8%
891Hermione Granger
98.2%
605Albus Dumbledore
96.4%
196Fred Weasley
96%
162George Weasley
95.9%
46Ginny Weasley
95.8%
147Molly Weasley
94.8%
148Arthur Weasley
94.5%
75Bill Weasley
94.3%
126Percy Weasley
94.1%
58Charlie Weasley
94%
265Severus Snape
92.3%
293Cedric Diggory
92.2%
227Viktor Krum
92%
2Aberforth Dumbledore
91.9%
98Fleur Delacour
91.3%
272Voldemort
91.3%
311Rubeus Hagrid
90.6%
22Lucius Malfoy
90.2%
116Draco Malfoy
90.1%
385Alastor Moody
90%
226Sirius Black
89.1%
1James Potter
88.9%
2Narcissa Malfoy
88.8%
2Lily Potter
88.7%
35Barty Crouch Jr
88.3%
289Barty Crouch
88.3%
102Minerva McGonagall
86.7%
88Neville Longbottom
86.2%
76Amos Diggory
83.3%
140Wormtail
82.5%
3Goyle Sr.
80.7%
35Gregory Goyle
80.6%
3Crabbe Sr.
80.4%
5Gabrielle Delacour
80.3%
32Vincent Crabbe
80.3%
2Mrs. Diggory
80%
8Remus Lupin
80%
36Cho Chang
79.8%
27Seamus Finnigan
78.4%
42Parvati Patil
78.4%
15Padma Patil
78%
172Dobby
77.8%
160Igor Karkaroff
77.7%
25Dean Thomas
77.1%
14Filius Flitwick
77%
90Cornelius Fudge
75.5%
99Olympe Maxime
75.1%
1Mrs. Fudge
75%
47Hedwig
73%
14Pomona Sprout
72.6%
1Mrs. Longbottom
72.2%
5Frank Longbottom
71.7%
56Dudley Dursley
71.6%
1Katie Bell
71.5%
82Vernon Dursley
71.4%
42Petunia Dursley
71.4%
244Ludo Bagman
68.9%
19Lavender Brown
67.8%
11Angelina Johnson
67.5%
158Winky
65.7%
Mentions Character % Correct
35Sybill Trelawney
65.6%
2Oliver Wood
65.6%
105Rita Skeeter
64.9%
4Tom Riddle Sr.
64.2%
1Otto Bagman
64.1%
46Argus Filch
63.1%
18Crookshanks
62.8%
14Nearly Headless Nick
61.4%
16Fang
60.1%
27Madam Pomfrey
59.7%
1Mrs. Riddle
59.4%
17Pansy Parkinson
58.5%
1Alicia Spinnet
57.8%
15Colin Creevey
56.5%
32Peeves
55.5%
8Mrs. Norris
55.1%
33Moaning Myrtle
54.8%
15Dennis Creevey
54.4%
20Lee Jordan
54.2%
12Buckbeak
54.2%
3Bloody Baron
53.8%
63Frank Bryce
53.7%
36Pigwidgeon
52.8%
7Cuthbert Binns
52.8%
4Ernie Macmillan
52.2%
2Hannah Abbott
51.8%
20Fat Lady
48.8%
3Errol
48.6%
1Justin Finch-Fletchley
47.7%
2Rowena Ravenclaw
46.4%
2Norbert
46.4%
2Salazar Slytherin
46.4%
4Godric Gryffindor
46.2%
21Mr. Ollivander
46.2%
2Helga Hufflepuff
46.1%
9Nagini
45%
1Mrs. Finnigan
42.6%
3Gilderoy Lockhart
42.4%
2Madam Pince
42%
1Fat Friar
41.4%
10Roger Davies
41.3%
5Madam Rosmerta
41%
4Walden Macnair
39.5%
3Arabella Figg
39.5%
8Fawkes
38.4%
42Bertha Jorkins
37.9%
13Wilhelmina Grubbly-Plank
36.9%
3Avery
36.1%
1Trevor
36.1%
1Stan Shunpike
35.9%
2Nott Sr.
35.3%
3Aurora Sinistra
34.8%
2Antonin Dolohov
34.5%
1Hermes
34.3%
6Augustus Rookwood
33.8%
4Septima Vector
33.5%
16Moran
33%
12Troy
32.8%
16Aidan Lynch
32.3%
2Sir Cadogan
31.7%
2Mundungus Fletcher
31.5%
20Mr. Roberts
30.1%
Mentions Character % Correct
1Mrs. Roberts
29.4%
1Gregorovitch
29%
13Hassan Mostafa
26.7%
2Travers
26.2%
9Mullet
25.9%
1Armando Dippet
25%
1Bode
24.5%
2Warrington
24.1%
1Perkins
20.2%
2Mulciber
20.2%
5Evan Rosier
20.1%
6Violet
18.6%
3Dot
18.4%
1Olive Hornby
18.3%
5Archie
17.9%
5Ivanova
17.6%
8Dimitrov
17.2%
6Volkov
17.1%
3Quigley
17%
7Levski
16.8%
2Fawcett
16.7%
2Ryan
16.4%
5Vulchanov
16.3%
3Eloise Midgen
16.3%
2Arnold Peasegood
16%
3Connolly
15.8%
5Basil
15.7%
1Poliakoff
15.4%
3Fridwulfa
15.4%
2Bozo
15%
2Kevin
14.9%
2Zograf
14.9%
1Miranda Goshawk
14.7%
3Ali Bashir
14.6%
1Croaker
14.3%
1Natalie McDonald
14%
1Ogg
13.8%
4Malcolm Baddock
13.3%
1Mr. Payne
13.1%
1Wilkes
13%
1Urg the Unclean
12.9%
3Stewart Ackerley
12.9%
1Merchieftainess Murcus
12.8%
1Orla Quirke
12.7%
1Kevin Whitby
12.7%
1Stebbins
12.5%
1Emma Dobbs
12.5%
1Agatha Timms
12.3%
1Owen Cauldwell
12.2%
1Apollyon Pringle
12.2%
1Summers
12%
1Gilbert Wimple
12%
1Eleanor Branstone
11.9%
1Graham Pritchard
11.8%
1Bodrod the Bearded
11.8%
1Laura Madley
11.8%
1Cuthbert Mockridge
11.7%
1Joey Jenkins
11.5%
2Boris the Bewildered
11.4%
1Roddy Pontner
11.3%
1Florence
10.9%
Remove Ads.
Support Sporcle.
Get the best of Sporcle when you Go Orange. This ad-free experience offers more features, more stats, and more fun while also helping to support Sporcle. Thank you for becoming a member.

You're not logged in!

Compare scores with friends on all Sporcle quizzes.
OR
Log In

Show Comments

Extras

Top Quizzes Today


Score Distribution

Your Account Isn't Verified!

In order to create a playlist on Sporcle, you need to verify the email address you used during registration. Go to your Sporcle Settings to finish the process.

Report this User

Report this user for behavior that violates our Community Guidelines.

Details: